[Event "Canarias-chT Honor"]
[Site "Spain"]
[Date "2020.03.07"]
[Round "7.4"]
[White "Manchon Santana, Alberto"]
[Black "Iturbide Arnedo, Oscar"]
[Result "1-0"]
[WhiteElo "2048"]
[BlackElo "2128"]
[PlyCount "63"]
[EventDate "2020.01.11"]
[EventType "team-tourn"]
[EventRounds "9"]
[EventCountry "ESP"]
[SourceTitle "CBM 195 Extra"]
[Source "ChessBase"]
[SourceDate "2020.05.31"]
[SourceVersion "1"]
[SourceVersionDate "2020.05.31"]
[SourceQuality "1"]
[WhiteTeam "Fundacion La Caja de Canarias"]
[BlackTeam "Guia"]
[WhiteTeamCountry "ESP"]
[BlackTeamCountry "ESP"]

1. d4 g6 2. c4 Bg7 3. Nc3 d6 4. e4 Nf6 5. Be2 0-0 6. Nf3 e5 7. 0-0 exd4 8. Nxd4 Re8 9. f3 c6 10. Nc2 Na6 11. Bf4 d5 12. cxd5 cxd5 13. Bb5 Bd7 14. Bxd7 Qxd7 15. exd5 Rad8 16. d6 b5 17. a3 h6 18. h3 Nc5 19. Nb4 Ne6 20. Be5 a5 21. Nbd5 Nxd5 22. Qxd5 b4 23. Ne4 Nc7 24. Qxa5 Rxe5 25. Qxc7 bxa3 26. Rxa3 f5 27. Ra7 Qxc7 28. dxc7 Rf8 29. Nd6 Re2 30. Rd1 Rc2 31. b4 Be5 32. b5 1-0

[Event "Canarias-chT Honor"]
[Site "Spain"]
[Date "2020.02.08"]
[Round "5.4"]
[White "Donate Villalba, Juan Francisco"]
[Black "Iturbide Arnedo, Oscar"]
[Result "0-1"]
[WhiteElo "2059"]
[BlackElo "2128"]
[PlyCount "64"]
[EventDate "2020.01.11"]
[EventType "team-tourn"]
[EventRounds "9"]
[EventCountry "ESP"]
[SourceTitle "CBM 195 Extra"]
[Source "ChessBase"]
[SourceDate "2020.05.31"]
[SourceVersion "1"]
[SourceVersionDate "2020.05.31"]
[SourceQuality "1"]
[WhiteTeam "Vecindario"]
[BlackTeam "Guia"]
[WhiteTeamCountry "ESP"]
[BlackTeamCountry "ESP"]

1. e4 g6 2. Nc3 Bg7 3. g3 c5 4. Bg2 Nc6 5. d3 d6 6. Be3 Rb8 7. a4 Nd4 8. Nge2 e5 9. 0-0 Ne7 10. Nb5 a6 11. Nbxd4 cxd4 12. Bd2 0-0 13. c3 dxc3 14. Nxc3 Be6 15. Be3 Rc8 16. d4 d5 17. dxe5 dxe4 18. Qxd8 Rfxd8 19. Bxe4 Bxe5 20. Bxb7 Rb8 21. Bxa6 Rxb2 22. Rac1 Nf5 23. Bc5 Nd4 24. Rfd1 Bg4 25. Rd3 Nf3+ 26. Kg2 Rxd3 27. Bxd3 Bxc3 28. Rxc3 Ne1+ 29. Kg1 Nf3+ 30. Kg2 Ne1+ 31. Kg1 Nf3+ 32. Kf1 Bh3# 0-1

[Event "San Cristobal de La Laguna op 2nd"]
[Site "San Cristobal de la Laguna"]
[Date "2019.09.05"]
[Round "6"]
[White "Barlov, Dragan"]
[Black "Iturbide Arnedo, Oscar"]
[Result "1/2-1/2"]
[WhiteElo "2410"]
[BlackElo "2139"]
[PlyCount "112"]
[EventDate "2019.08.31"]
[EventType "swiss"]
[EventRounds "9"]
[EventCountry "ESP"]
[SourceTitle "EXT 2020"]
[Source "ChessBase"]
[SourceDate "2019.10.17"]
[SourceVersion "1"]
[SourceVersionDate "2019.10.17"]
[SourceQuality "1"]

1. Nf3 g6 2. e4 c5 3. d4 cxd4 4. Nxd4 Bg7 5. c4 Nc6 6. Be3 Nf6 7. Nc3 Ng4 8. Qxg4 Nxd4 9. Qd1 e5 10. Bd3 0-0 11. 0-0 d6 12. Qd2 Be6 13. Rfc1 a6 14. Bf1 Qh4 15. f3 f5 16. exf5 gxf5 17. Bf2 Qf6 18. Ne2 Bh6 19. Be3 Bxe3+ 20. Qxe3 f4 21. Qd2 Nf5 22. Nc3 Rad8 23. Bd3 Nd4 24. Ne2 Nc6 25. Be4 Rfe8 26. b3 Bf5 27. Bd5+ Kh8 28. b4 Rd7 29. b5 axb5 30. cxb5 Ne7 31. Nc3 Be6 32. a4 Rg8 33. Ne4 Qg6 34. Bxe6 Qxe6 35. Rd1 Qg6 36. Qb2 Nf5 37. Rd2 h5 38. Re1 Kh7 39. a5 Rdg7 40. Kh1 Nd4 41. Rxd4 exd4 42. Rg1 d5 43. Nf2 d3 44. Qd2 h4 45. h3 Qg3 46. Qxd3+ Kh8 47. Qd4 Re8 48. Nd3 Re2 49. Nxf4 Re1 50. a6 Rxg1+ 51. Kxg1 bxa6 52. bxa6 Qe1+ 53. Kh2 Qg3+ 54. Kh1 Qe1+ 55. Kh2 Qg3+ 56. Kh1 Qe1+ 1/2-1/2

[Event "San Cristobal de La Laguna op 2nd"]
[Site "San Cristobal de la Laguna"]
[Date "2019.09.03"]
[Round "4"]
[White "Kraus, Oliver"]
[Black "Iturbide Arnedo, Oscar"]
[Result "0-1"]
[WhiteElo "1963"]
[BlackElo "2139"]
[PlyCount "61"]
[EventDate "2019.08.31"]
[EventType "swiss"]
[EventRounds "9"]
[EventCountry "ESP"]
[SourceTitle "EXT 2020"]
[Source "ChessBase"]
[SourceDate "2019.10.17"]
[SourceVersion "1"]
[SourceVersionDate "2019.10.17"]
[SourceQuality "1"]

1. d4 g6 2. e4 Bg7 3. Nc3 c5 4. d5 d6 5. Nf3 Nf6 6. Bb5+ Nbd7 7. a4 0-0 8. 0-0 a6 9. Be2 b6 10. h3 Rb8 11. Re1 Ne8 12. Bf4 Ne5 13. Bf1 Nc7 14. Nxe5 dxe5 15. Be3 Qd6 16. Qd2 f5 17. f3 f4 18. Bf2 g5 19. Red1 Bd7 20. Nb1 h5 21. Be2 Rfc8 22. c3 Bf8 23. a5 b5 24. b4 c4 25. Na3 Ne8 26. Nc2 Qg6 27. Bc5 Nd6 28. Qe1 Kf7 29. Kh2 g4 30. g3 Bh6 31. fxg4 0-1

[Event "Puerto del Rosario op U2300 "]
[Site "Puerto del Rosario"]
[Date "2018.09.27"]
[Round "1"]
[White "Iturbide Arnedo, Oscar"]
[Black "Garcia Almeida, Aitana Maria"]
[Result "1-0"]
[WhiteElo "2128"]
[BlackElo "1526"]
[PlyCount "23"]
[EventDate "2018.09.27"]
[EventType "swiss"]
[EventRounds "7"]
[EventCountry "ESP"]
[SourceTitle "CBM 187 Extra"]
[Source "ChessBase"]
[SourceDate "2018.11.04"]
[SourceVersion "1"]
[SourceVersionDate "2018.11.04"]
[SourceQuality "1"]

1. e4 d5 2. d4 Nc6 3. Nc3 dxe4 4. d5 Ne5 5. Bf4 Ng6 6. Bg3 Nf6 7. Nb5 e5 8. dxe6 Qxd1+ 9. Rxd1 Ke7 10. Nxc7 Rb8 11. Bd6+ Kd8 12. Bxf8+ 1-0

[Event "Gran Canaria Cabildo op"]
[Site "Gran Canaria"]
[Date "2018.03.13"]
[Round "3"]
[White "Iturbide Arnedo, Oscar"]
[Black "Garcia Padron, Jose"]
[Result "0-1"]
[WhiteElo "2126"]
[BlackElo "2414"]
[PlyCount "96"]
[EventDate "2018.03.06"]
[EventType "swiss"]
[EventRounds "7"]
[EventCountry "ESP"]
[SourceTitle "CBM 183 Extra"]
[Source "ChessBase"]
[SourceDate "2018.04.19"]
[SourceVersion "1"]
[SourceVersionDate "2018.04.19"]
[SourceQuality "1"]

1. e4 e5 2. f4 exf4 3. Nf3 d6 4. d4 g5 5. g3 g4 6. Nh4 Bh6 7. Nc3 Nc6 8. Nd5 Bg7 9. c3 f3 10. Nf5 Bxf5 11. exf5 Nce7 12. Nxe7 Nxe7 13. Bd3 Nd5 14. Bd2 Bf6 15. Qb3 Nb6 16. h3 Bg5 17. 0-0-0 Bxd2+ 18. Rxd2 gxh3 19. Qd1 Qg5 20. Re1+ Kd7 21. Qxf3 Rae8 22. Rxe8 Rxe8 23. Qxb7 h2 24. Bb5+ Kd8 25. Kc2 Qxf5+ 26. Bd3 Qh3 27. Qh1 Re3 28. Qxh2 Rxg3 29. Qxh3 Rxh3 30. Rf2 Ke7 31. Re2+ Kf8 32. Rf2 Rh4 33. a4 a5 34. b4 axb4 35. a5 Nd5 36. c4 Ne7 37. d5 Rh1 38. Kb3 Rh3 39. Rd2 c5 40. dxc6 Nxc6 41. a6 Ke7 42. Ka4 Rh5 43. c5 Rxc5 44. Bb5 Na7 45. Re2+ Re5 46. Rc2 Nxb5 47. Rc6 b3 48. Rb6 b2 0-1

[Event "Gran Canaria Cabildo op"]
[Site "Gran Canaria"]
[Date "2018.03.06"]
[Round "1"]
[White "Kleine, Peter"]
[Black "Iturbide Arnedo, Oscar"]
[Result "0-1"]
[WhiteElo "1601"]
[BlackElo "2126"]
[PlyCount "78"]
[EventDate "2018.03.06"]
[EventType "swiss"]
[EventRounds "7"]
[EventCountry "ESP"]
[SourceTitle "CBM 183 Extra"]
[Source "ChessBase"]
[SourceDate "2018.04.19"]
[SourceVersion "1"]
[SourceVersionDate "2018.04.19"]
[SourceQuality "1"]

1. Nh3 g6 2. g3 Bg7 3. Bg2 d6 4. d4 Nd7 5. 0-0 c6 6. e4 Qc7 7. f4 c5 8. c3 cxd4 9. cxd4 Qb6 10. e5 dxe5 11. fxe5 Nxe5 12. Nf2 Nc6 13. d5 Ne5 14. Kh1 Nf6 15. Nc3 0-0 16. Qe2 Nfg4 17. Nfe4 Nh6 18. Be3 Qd8 19. b3 Nf5 20. Rxf5 Bxf5 21. Ng5 Rc8 22. Bd4 Ng4 23. Bxg7 Kxg7 24. h3 Nf6 25. Nce4 Bxe4 26. Nxe4 Nxe4 27. Qxe4 Qd6 28. Qh4 Rc3 29. Kh2 Qe5 30. Rf1 f6 31. Qf4 Qxf4 32. gxf4 Rc2 33. a4 Rfc8 34. f5 Rb2 35. fxg6 hxg6 36. Rf3 Rcc2 37. Rg3 Rd2 38. Kg1 Rd1+ 39. Bf1 Rxd5 0-1

[Event "Las Palmas Insular-chT Honor 1718"]
[Site "Las Palmas"]
[Date "2018.02.24"]
[Round "8.4"]
[White "Salazar de la Cruz, Jose Maria"]
[Black "Iturbide Arnedo, Oscar"]
[Result "0-1"]
[WhiteElo "2043"]
[BlackElo "2116"]
[PlyCount "90"]
[EventDate "2017.10.28"]
[EventType "team-tourn"]
[EventRounds "9"]
[EventCountry "ESP"]
[SourceTitle "EXT 2021"]
[Source "ChessBase"]
[SourceDate "2020.10.23"]
[SourceVersion "1"]
[SourceVersionDate "2020.10.23"]
[SourceQuality "1"]
[WhiteTeam "Guia Univac"]
[BlackTeam "Grandama"]
[WhiteTeamCountry "ESP"]
[BlackTeamCountry "ESP"]

1. e4 g6 2. d4 Bg7 3. Nc3 d6 4. f4 a6 5. Be3 Nd7 6. Nf3 b5 7. e5 Nh6 8. Bd3 Bb7 9. Qe2 Nb6 10. Rd1 0-0 11. 0-0 Qd7 12. h3 f5 13. a3 e6 14. Kh2 Kh8 15. Rg1 Nd5 16. Nxd5 Bxd5 17. c4 Bxf3 18. Qxf3 bxc4 19. Bxc4 d5 20. Bd3 a5 21. Rc1 Rfb8 22. Qe2 Bf8 23. Rc2 Ra7 24. Rgc1 Nf7 25. g4 Be7 26. gxf5 exf5 27. Qf2 Nd8 28. Bf1 Rb6 29. Bg2 Ne6 30. h4 Rab7 31. Bf3 Rb3 32. Kg2 Kg7 33. Rh1 h6 34. Rg1 Kh7 35. Kh2 c6 36. h5 g5 37. fxg5 hxg5 38. Bc1 Qe8 39. Rg3 g4 40. Bxg4 fxg4 41. Qf5+ Kh8 42. Qxe6 Qxh5+ 43. Kg2 Rxg3+ 44. Kxg3 Qh3+ 45. Kf2 g3+ 0-1

[Event "Las Palmas Insular-chT Honor 1718"]
[Site "Las Palmas"]
[Date "2018.01.20"]
[Round "6.3"]
[White "Iturbide Arnedo, Oscar"]
[Black "Hernandez Ramirez, Jose Miguel"]
[Result "0-1"]
[WhiteElo "2116"]
[BlackElo "1910"]
[PlyCount "44"]
[EventDate "2017.10.28"]
[EventType "team-tourn"]
[EventRounds "9"]
[EventCountry "ESP"]
[SourceTitle "EXT 2019"]
[Source "ChessBase"]
[SourceDate "2018.10.10"]
[SourceVersion "1"]
[SourceVersionDate "2018.10.10"]
[SourceQuality "1"]
[WhiteTeam "Grandama"]
[BlackTeam "Anand"]
[WhiteTeamCountry "ESP"]
[BlackTeamCountry "ESP"]

1. e4 c5 2. Nf3 e6 3. d4 cxd4 4. Nxd4 Nc6 5. Nc3 Qc7 6. g3 a6 7. Bg2 h5 8. h3 Nf6 9. 0-0 Bc5 10. Nxc6 dxc6 11. e5 Qxe5 12. Bf4 Qd4 13. Qe2 Bd7 14. Rfd1 Qb4 15. a3 Qb6 16. Na4 Qa7 17. b4 Bb6 18. Bd6 Rc8 19. Nxb6 Qxb6 20. c4 Ng8 21. Rd2 Nf6 22. Rad1 Rh6 0-1

[Event "Montana de Galdar op 2nd"]
[Site "Galdar"]
[Date "2017.12.09"]
[Round "8.2"]
[White "Iturbide Arnedo, Oscar"]
[Black "Gutierrez Olivares, Daniel"]
[Result "0-1"]
[WhiteElo "2124"]
[BlackElo "2344"]
[PlyCount "94"]
[EventDate "2017.12.02"]
[EventType "swiss"]
[EventRounds "8"]
[EventCountry "ESP"]
[SourceTitle "EXT 2024"]
[Source "ChessBase"]
[SourceDate "2023.10.10"]
[SourceVersion "1"]
[SourceVersionDate "2023.10.10"]
[SourceQuality "1"]

1. e4 c6 2. d4 d5 3. e5 Bf5 4. Nc3 h6 5. h4 Qc7 6. h5 a6 7. g4 Bd7 8. f4 e6 9. Be3 c5 10. dxc5 Bxc5 11. Bxc5 Qxc5 12. Nge2 Qb6 13. Bg2 Ne7 14. Qd4 Qxd4 15. Nxd4 Nbc6 16. Nb3 g5 17. 0-0-0 gxf4 18. Rhe1 Rg8 19. Bh3 Rg5 20. Rf1 Nxe5 21. Rxf4 Rc8 22. Nd4 Rc4 23. Bf1 Rc8 24. Be2 N7c6 25. Rdf1 Nxd4 26. Rxd4 Ke7 27. Nd1 Bb5 28. Bxb5 axb5 29. Ne3 Nc4 30. Nd1 Rcg8 31. Rdf4 R8g7 32. b3 Ne5 33. Rb4 Kd6 34. Rxb5 Kc6 35. a4 Nxg4 36. Rf3 f5 37. c4 dxc4 38. Rc3 Kd6 39. Rxc4 Nf6 40. Rb6+ Ke5 41. Nf2 Rg1+ 42. Kb2 R1g2 43. Rc2 Nd5 44. Re2+ Kf4 45. Rbxe6 Kf3 46. R6e5 f4 47. Ka3 Ne3 0-1

[Event "Montana de Galdar op 2nd"]
[Site "Galdar"]
[Date "2017.12.08"]
[Round "7.4"]
[White "Iturbide Arnedo, Oscar"]
[Black "Viera Falcon, Cristo"]
[Result "1-0"]
[WhiteElo "2124"]
[BlackElo "1908"]
[PlyCount "73"]
[EventDate "2017.12.02"]
[EventType "swiss"]
[EventRounds "8"]
[EventCountry "ESP"]
[SourceTitle "EXT 2024"]
[Source "ChessBase"]
[SourceDate "2023.10.10"]
[SourceVersion "1"]
[SourceVersionDate "2023.10.10"]
[SourceQuality "1"]

1. e4 d6 2. f4 c6 3. Nf3 Qc7 4. d4 Nd7 5. e5 e6 6. Bd3 Nh6 7. 0-0 Be7 8. Qe2 g6 9. Nbd2 Nf5 10. g4 Ng7 11. Nc4 Nb6 12. exd6 Bxd6 13. Nxd6+ Qxd6 14. c4 Qc7 15. b3 Bd7 16. Bb2 f6 17. Nh4 0-0-0 18. a4 Kb8 19. d5 Ne8 20. a5 Nc8 21. g5 cxd5 22. gxf6 Qc5+ 23. Qf2 Qxf2+ 24. Rxf2 Rf8 25. Be5+ Ka8 26. cxd5 exd5 27. f5 g5 28. Nf3 g4 29. Nd4 Nxf6 30. a6 Ne4 31. Rc2 b6 32. Rc7 Nc5 33. Bb5 Bxb5 34. Nxb5 Rd7 35. b4 Nd3 36. Rxd7 Nxe5 37. Rb7 1-0

[Event "Montana de Galdar op 2nd"]
[Site "Galdar"]
[Date "2017.12.04"]
[Round "3.3"]
[White "Iturbide Arnedo, Oscar"]
[Black "Amador Garcia, Ismael"]
[Result "1-0"]
[WhiteElo "2124"]
[BlackElo "1930"]
[PlyCount "59"]
[EventDate "2017.12.02"]
[EventType "swiss"]
[EventRounds "8"]
[EventCountry "ESP"]
[SourceTitle "EXT 2024"]
[Source "ChessBase"]
[SourceDate "2023.10.10"]
[SourceVersion "1"]
[SourceVersionDate "2023.10.10"]
[SourceQuality "1"]

1. e4 c5 2. Nf3 d6 3. d4 cxd4 4. Nxd4 Nf6 5. Nc3 g6 6. Be3 Bg7 7. f3 0-0 8. Qd2 Nc6 9. 0-0-0 d5 10. Qe1 e5 11. Nxc6 bxc6 12. exd5 cxd5 13. Bg5 Bb7 14. Bc4 Qc7 15. Bxf6 dxc4 16. Bxg7 Kxg7 17. Nb5 Qc5 18. Nd6 Ba6 19. Ne4 Qc7 20. Qh4 Bc8 21. Qf6+ Kg8 22. h4 Rb8 23. h5 Qb6 24. Qxe5 f6 25. Qc3 f5 26. Rd6 fxe4 27. Qxc4+ Kh8 28. Rxb6 Rxb6 29. Qc7 Bf5 30. h6 1-0

[Event "Montana de Galdar op 2nd"]
[Site "Galdar"]
[Date "2017.12.03"]
[Round "2.3"]
[White "Damaso Tacoronte, Carolina"]
[Black "Iturbide Arnedo, Oscar"]
[Result "0-1"]
[WhiteElo "1779"]
[BlackElo "2124"]
[PlyCount "82"]
[EventDate "2017.12.02"]
[EventType "swiss"]
[EventRounds "8"]
[EventCountry "ESP"]
[SourceTitle "EXT 2024"]
[Source "ChessBase"]
[SourceDate "2023.10.10"]
[SourceVersion "1"]
[SourceVersionDate "2023.10.10"]
[SourceQuality "1"]

1. e4 g6 2. d4 Bg7 3. Nc3 d6 4. Be3 a6 5. Bd3 Nd7 6. Qd2 b5 7. a3 Bb7 8. f3 c5 9. dxc5 Nxc5 10. Nge2 Rc8 11. 0-0 Nf6 12. Rac1 0-0 13. Kh1 d5 14. exd5 Nxd5 15. Nxd5 Qxd5 16. Nf4 Qd6 17. b4 Na4 18. Qf2 e5 19. Ne2 f5 20. Rcd1 Qe6 21. Rc1 Rfd8 22. Bg5 Rd7 23. Qh4 Nb2 24. Qf2 Qa2 25. Ra1 Qd5 26. Rab1 Nxd3 27. cxd3 Qa2 28. Ra1 Qb3 29. Qb6 Rc6 30. Qf2 h6 31. Be3 Rc2 32. Qe1 Qxd3 33. Nc1 Qc4 34. Bc5 Rdd2 35. Rg1 Bxf3 36. Qg3 Bxg2+ 37. Rxg2 Rxg2 38. Qxg2 Rxg2 39. Kxg2 e4 40. Ra2 Qxc1 41. h3 f4 0-1

[Event "Madrid San Viator op-A 28th"]
[Site "Madrid"]
[Date "2017.05.07"]
[Round "5"]
[White "Sainz Pino, Fernando"]
[Black "Iturbide Arnedo, Oscar"]
[Result "0-1"]
[WhiteElo "1895"]
[BlackElo "2097"]
[PlyCount "34"]
[EventDate "2017.03.26"]
[EventType "swiss"]
[EventRounds "9"]
[EventCountry "ESP"]
[SourceTitle "EXT 2018"]
[Source "ChessBase"]
[SourceDate "2017.10.13"]
[SourceVersion "1"]
[SourceVersionDate "2017.10.13"]
[SourceQuality "1"]

1. e4 c5 2. Nf3 Nc6 3. d4 cxd4 4. Nxd4 Nf6 5. Nc3 e5 6. Ndb5 d6 7. Bg5 a6 8. Na3 b5 9. Bxf6 gxf6 10. Nd5 f5 11. Bd3 Be6 12. Qh5 Rg8 13. 0-0-0 Rc8 14. Kb1 f4 15. Qxh7 Rg6 16. Qh8 Rh6 17. Qg8 f5 0-1

[Event "Madrid San Viator op-A 28th"]
[Site "Madrid"]
[Date "2017.04.02"]
[Round "2"]
[White "Iturbide Arnedo, Oscar"]
[Black "Martin Lozano, Miguel Angel"]
[Result "1-0"]
[WhiteElo "2097"]
[BlackElo "1759"]
[PlyCount "49"]
[EventDate "2017.03.26"]
[EventType "swiss"]
[EventRounds "9"]
[EventCountry "ESP"]
[SourceTitle "EXT 2018"]
[Source "ChessBase"]
[SourceDate "2017.10.13"]
[SourceVersion "1"]
[SourceVersionDate "2017.10.13"]
[SourceQuality "1"]

1. e4 e6 2. d4 d5 3. Nd2 dxe4 4. Nxe4 Bd7 5. c4 Bc6 6. Nc3 Bb4 7. a3 Bxc3+ 8. bxc3 Ne7 9. Nf3 Bxf3 10. Qxf3 c6 11. Rb1 Qd7 12. Bf4 0-0 13. c5 Ng6 14. Bd6 Re8 15. Bd3 e5 16. 0-0 exd4 17. cxd4 b5 18. g3 a5 19. Rfe1 Na6 20. d5 Rxe1+ 21. Rxe1 cxd5 22. Qxd5 Rc8 23. Bf5 Qd8 24. Bxc8 Qxc8 25. Qb7 1-0

[Event "Madrid San Viator op-A 28th"]
[Site "Madrid"]
[Date "2017.03.26"]
[Round "1"]
[White "Estevez Sacristan, Deva"]
[Black "Iturbide Arnedo, Oscar"]
[Result "0-1"]
[WhiteElo "1813"]
[BlackElo "2097"]
[PlyCount "92"]
[EventDate "2017.03.26"]
[EventType "swiss"]
[EventRounds "9"]
[EventCountry "ESP"]
[SourceTitle "EXT 2018"]
[Source "ChessBase"]
[SourceDate "2017.10.13"]
[SourceVersion "1"]
[SourceVersionDate "2017.10.13"]
[SourceQuality "1"]

1. e4 c5 2. Nf3 Nc6 3. d4 cxd4 4. Nxd4 Nf6 5. Nc3 e5 6. Ndb5 d6 7. Bg5 a6 8. Na3 b5 9. Nd5 Be7 10. Bxf6 Bxf6 11. Nxf6+ Qxf6 12. c4 b4 13. Nc2 0-0 14. Ne3 Nd4 15. Bd3 a5 16. 0-0 Qd8 17. Nd5 Be6 18. f4 Bxd5 19. exd5 f5 20. fxe5 dxe5 21. Bc2 Qb6 22. Kh1 Qc5 23. Rc1 g6 24. Ba4 Ra7 25. Qe1 Re7 26. Qf2 e4 27. Qe3 Ne6 28. Qxc5 Nxc5 29. Bc6 Rd8 30. Rcd1 Rd6 31. Kg1 Kg7 32. g3 Kf6 33. Kg2 Ke5 34. Rfe1 g5 35. Kf2 Rh6 36. h4 gxh4 37. gxh4 Kd6 38. Kg3 Rg7+ 39. Kf4 Nd3+ 40. Ke3 Nxe1 41. Rxe1 Rg3+ 42. Kf2 Rf3+ 43. Ke2 Rxh4 44. Rf1 Rh2+ 45. Ke1 Rxf1+ 46. Kxf1 Rxb2 0-1

[Event "Madrid-chT 1617"]
[Site "Madrid"]
[Date "2017.02.05"]
[Round "8.34"]
[White "Iturbide Arnedo, Oscar"]
[Black "Ruperez Benito, Antonio"]
[Result "0-1"]
[WhiteElo "2182"]
[BlackElo "2313"]
[PlyCount "56"]
[EventDate "2016.11.20"]
[EventType "team-tourn"]
[EventRounds "14"]
[EventCountry "ESP"]
[SourceTitle "EXT 2018"]
[Source "ChessBase"]
[SourceDate "2017.10.13"]
[SourceVersion "1"]
[SourceVersionDate "2017.10.13"]
[SourceQuality "1"]
[WhiteTeam "Pueblo Nuevo"]
[BlackTeam "64 Villalba"]
[WhiteTeamCountry "ESP"]
[BlackTeamCountry "ESP"]

1. e4 e6 2. d4 d5 3. Nd2 Nf6 4. e5 Nfd7 5. Bd3 c5 6. c3 Nc6 7. Ne2 cxd4 8. cxd4 f6 9. exf6 Nxf6 10. 0-0 Bd6 11. Nf3 Qc7 12. Bg5 0-0 13. Rc1 Bd7 14. Re1 h6 15. Bh4 Nh5 16. Nc3 Qb6 17. Na4 Qa5 18. Nc5 Bxc5 19. Rxc5 Qb6 20. Ne5 Nxe5 21. Rxe5 Nf4 22. b3 Rfc8 23. Be7 Re8 24. Bh4 Rac8 25. Rc2 Nxd3 26. Qxd3 Rxc2 27. Qxc2 Qxd4 28. Bg3 Qa1+ 0-1

[Event "Madrid San Viator op 24th"]
[Site "Madrid"]
[Date "2015.05.17"]
[Round "7"]
[White "Cano Mercado, Francisco Manuel"]
[Black "Iturbide Arnedo, Oscar"]
[Result "0-1"]
[WhiteElo "1873"]
[BlackElo "2113"]
[PlyCount "94"]
[EventDate "2015.03.22"]
[EventType "swiss"]
[EventRounds "9"]
[EventCountry "ESP"]
[SourceTitle "EXT 2016"]
[Source "ChessBase"]
[SourceDate "2015.10.08"]
[SourceVersion "1"]
[SourceVersionDate "2015.10.08"]
[SourceQuality "1"]

1. e4 g6 2. d4 Bg7 3. Nc3 d6 4. Be3 a6 5. Bd3 Nd7 6. Nf3 e6 7. a4 b6 8. Qd2 h6 9. Rd1 Ne7 10. Bc4 Bb7 11. h4 Nf6 12. d5 e5 13. Qe2 Bc8 14. Nh2 Nh5 15. Bd3 Nf4 16. Qf3 Nxd3+ 17. Rxd3 f5 18. g3 0-0 19. Qe2 b5 20. f3 b4 21. Nb1 a5 22. c4 bxc3 23. Nxc3 Ba6 24. Nb5 Qd7 25. Rc3 f4 26. Bf2 fxg3 27. Bxg3 Kh7 28. 0-0 c6 29. dxc6 Nxc6 30. Kg2 Nd4 31. Qd2 Bxb5 32. axb5 Qxb5 33. Rf2 Rf7 34. Nf1 h5 35. Qd3 Qxd3 36. Rxd3 Bh6 37. Ne3 Rb7 38. Nc4 Bf8 39. Ra3 a4 40. Ra2 Rb4 41. Ne3 Kg7 42. Nd5 Rb3 43. Nc7 Ra7 44. Nd5 Ra6 45. Nc3 a3 46. Rxa3 Raxa3 47. bxa3 Rxc3 0-1

[Event "Madrid San Viator op 24th"]
[Site "Madrid"]
[Date "2015.04.19"]
[Round "4"]
[White "Villaverde Casaluenga, Jose"]
[Black "Iturbide Arnedo, Oscar"]
[Result "0-1"]
[WhiteElo "1663"]
[BlackElo "2113"]
[PlyCount "136"]
[EventDate "2015.03.22"]
[EventType "swiss"]
[EventRounds "9"]
[EventCountry "ESP"]
[SourceTitle "EXT 2016"]
[Source "ChessBase"]
[SourceDate "2015.10.08"]
[SourceVersion "1"]
[SourceVersionDate "2015.10.08"]
[SourceQuality "1"]

1. b3 e5 2. Bb2 d6 3. e3 Nd7 4. d4 g6 5. dxe5 dxe5 6. Nf3 Bg7 7. Bc4 Nh6 8. 0-0 0-0 9. e4 Re8 10. Nc3 c6 11. a4 a5 12. Qd2 Nb6 13. Qxd8 Rxd8 14. Bd3 f6 15. Rad1 Be6 16. Ne2 Nf7 17. Ng3 Bh6 18. Ba3 Bf8 19. Bc1 Nd7 20. Nd2 Nc5 21. Bc4 Bh6 22. Bxe6 Nxe6 23. Ne2 Nd6 24. f3 Be3+ 25. Kh1 Kf7 26. Nb1 Bxc1 27. Rxc1 Rd7 28. Rcd1 Rad8 29. Rd2 Nc5 30. Rfd1 Ke6 31. Nec3 Na6 32. Na2 Nc5 33. Nbc3 f5 34. exf5+ Nxf5 35. Rxd7 Rxd7 36. Rxd7 Kxd7 37. Nd1 b5 38. axb5 cxb5 39. Nac3 Kc6 40. Kg1 Nd4 41. Ne3 Na6 42. Kf1 Nb4 43. Ng4 Nbxc2 44. Nxe5+ Kd6 45. Nxb5+ Kxe5 46. Nc3 Nxb3 47. Ke2 Kd4 48. Nb1 a4 49. g3 a3 50. Nxa3 Nxa3 51. h4 Nb5 52. g4 Nc5 53. f4 Ke4 54. f5 gxf5 55. gxf5 Kxf5 56. Kf3 h5 57. Kg3 Ke4 58. Kh3 Kf3 59. Kh2 Kg4 60. Kg2 Ne4 61. Kh2 Kxh4 62. Kg2 Nd4 63. Kh2 Kg4 64. Kg2 h4 65. Kh2 h3 66. Kg1 Kg3 67. Kh1 Nf2+ 68. Kg1 h2+ 0-1

[Event "Madrid-chT 1415"]
[Site "Madrid"]
[Date "2015.03.01"]
[Round "12.23"]
[White "Garcia Ruido, Ricardo"]
[Black "Iturbide Arnedo, Oscar"]
[Result "1/2-1/2"]
[WhiteElo "2053"]
[BlackElo "2168"]
[PlyCount "80"]
[EventDate "2014.11.23"]
[EventType "team-tourn"]
[EventRounds "14"]
[EventCountry "ESP"]
[SourceTitle "EXT 2016"]
[Source "ChessBase"]
[SourceDate "2015.10.08"]
[SourceVersion "1"]
[SourceVersionDate "2015.10.08"]
[SourceQuality "1"]
[WhiteTeam "Moratalaz"]
[BlackTeam "Pueblo Nuevo"]
[WhiteTeamCountry "ESP"]
[BlackTeamCountry "ESP"]

1. d4 g6 2. e4 Bg7 3. Nf3 d6 4. Bc4 e6 5. Bb3 Ne7 6. 0-0 h6 7. Re1 0-0 8. Nbd2 e5 9. dxe5 dxe5 10. h3 Nd7 11. Bc4 Nc5 12. Bf1 a5 13. a4 Nc6 14. Qe2 b6 15. c3 Ba6 16. Qe3 Qe7 17. Bb5 Na7 18. Bc4 Bxc4 19. Nxc4 Qe6 20. Ncd2 Rfd8 21. Qe2 Nd3 22. Rd1 Nf4 23. Qe1 Nc6 24. Nf1 Rxd1 25. Qxd1 Rd8 26. Qe2 Nd3 27. Be3 Bf8 28. Rd1 Nf4 29. Rxd8 Nxd8 30. Qd2 Qd6 31. Qxd6 Bxd6 32. Bxf4 exf4 33. e5 Be7 34. N1d2 Ne6 35. Ne4 Kg7 36. Kf1 f5 37. exf6+ Bxf6 38. Nxf6 Kxf6 39. b4 Nd8 40. bxa5 bxa5 1/2-1/2

[Event "Madrid-chT 1415"]
[Site "Madrid"]
[Date "2015.02.15"]
[Round "10.4"]
[White "Moreno Ruiz, Javier"]
[Black "Iturbide Arnedo, Oscar"]
[Result "1-0"]
[WhiteElo "2470"]
[BlackElo "2168"]
[PlyCount "49"]
[EventDate "2014.11.23"]
[EventType "team-tourn"]
[EventRounds "14"]
[EventCountry "ESP"]
[SourceTitle "EXT 2016"]
[Source "ChessBase"]
[SourceDate "2015.10.08"]
[SourceVersion "1"]
[SourceVersionDate "2015.10.08"]
[SourceQuality "1"]
[WhiteTeam "Collado Villalba"]
[BlackTeam "Pueblo Nuevo"]
[WhiteTeamCountry "ESP"]
[BlackTeamCountry "ESP"]

1. d4 b6 2. e4 Bb7 3. Bd3 Nf6 4. Nc3 e6 5. Nge2 c5 6. d5 exd5 7. exd5 Nxd5 8. Nxd5 Bxd5 9. Nf4 Be6 10. Be4 Na6 11. Nxe6 dxe6 12. Bc6+ Ke7 13. Bxa8 Qxa8 14. 0-0 Qc6 15. Bf4 f6 16. Qe2 Nb4 17. c4 Kf7 18. a3 Na6 19. b4 Nc7 20. b5 Qb7 21. Rad1 e5 22. Rd7+ Ke8 23. Rfd1 Qc8 24. Qg4 g6 25. Re7+ 1-0